The skills of primary school management
Αποθηκεύτηκε σε:
| Κύριος συγγραφέας: | |
|---|---|
| Άλλοι συγγραφείς: | |
| Μορφή: | Βιβλίο |
| Γλώσσα: | English |
| Δημοσίευση: |
London :
Routledge,
1996
|
| Σειρά: | Education management series
|
| Θέματα: | |
| Ετικέτες: |
Προσθήκη ετικέτας
Δεν υπάρχουν, Καταχωρήστε ετικέτα πρώτοι!
|
MARC
| LEADER | 00000nam a2200000 i 4500 | ||
|---|---|---|---|
| 001 | 1/18369 | ||
| 008 | 991104s1996 eng d | ||
| 020 | |a 0-415-09757-6 |c 12.99 | ||
| 035 | |l 10066469 | ||
| 040 | |a GR-MY-UA |b gre |e aacr | ||
| 041 | 0 | |a eng | |
| 082 | 0 | |a 372.941 | |
| 100 | 1 | |a Bell, Les. | |
| 245 | 1 | 4 | |a The skills of primary school management / |c Les Bell, Chris Rhodes |
| 260 | |a London : |b Routledge, |c 1996 | ||
| 300 | |a 215 p. | ||
| 490 | 1 | |a Education management series | |
| 650 | 0 | 0 | |a School management and organization |z Great Britain. |
| 650 | 0 | 0 | |a Education, Elementary |z Great Britain. |
| 650 | 0 | 0 | |a Teacher participation in administration |z Great Britain. |
| 650 | 0 | 0 | |a Teacher participation in curriculum planning |z Great Britain. |
| 700 | 1 | |a Rhodes, Chris |d 1938- | |
| 830 | 0 | |a Education management series | |
| 852 | |a INST |b RHODES |e 19991104 |h 372.941 BEL |p 005400012041 |q 005400012041 |t BK |y 0 | ||
| 852 | |a INST |b RHODES |e 20010314 |h 372.941 BEL |p 005400017197 |q 005400017197 |t BK |y 0 | ||
| 901 | |a BIBL4-1999-3 | ||
| 909 | |a Ρ |b 068150 | ||
| 909 | |a Ρ |b 086743 | ||
| 922 | |a 4ΕΛΗ |b 199908 |c ΚΠΣ/154 |d GLORY BOOKS | ||
| 922 | |a 4ΕΛΗ |b 200012 |c ΚΠΣ/154 |d GLORY BOOKS | ||
| 950 | |a 154-1999-07-27 | ||
| 970 | |a ΚΟΥΛΑΚΙΟΤΗ |b ΛΙΤΣΑ |z 1999/11/04 | ||